<?xml version="1.0" encoding="UTF-8"?>
<record
    xmlns:xsi="http://www.w3.org/2001/XMLSchema-instance"
    xsi:schemaLocation="http://www.loc.gov/MARC21/slim http://www.loc.gov/standards/marcxml/schema/MARC21slim.xsd"
    xmlns="http://www.loc.gov/MARC21/slim">

  <leader>01903nam a22003257a 4500</leader>
  <controlfield tag="005">20260127124303.0</controlfield>
  <controlfield tag="008">260112b     mx |||||||| |||| 00| 0 spa d</controlfield>
  <datafield tag="020" ind1=" " ind2=" ">
    <subfield code="a">968432345X [V. 1]</subfield>
  </datafield>
  <datafield tag="020" ind1=" " ind2=" ">
    <subfield code="a">9684324278 [V. 2]</subfield>
  </datafield>
  <datafield tag="050" ind1="0" ind2="4">
    <subfield code="a">PR4620.S6</subfield>
    <subfield code="b">F73 1979</subfield>
  </datafield>
  <datafield tag="100" ind1="1" ind2=" ">
    <subfield code="a">Doyle, Conan</subfield>
  </datafield>
  <datafield tag="240" ind1="1" ind2="4">
    <subfield code="a">The adventures of Sherlock Holmes</subfield>
    <subfield code="l">espa&#xF1;ol</subfield>
  </datafield>
  <datafield tag="245" ind1="1" ind2="0">
    <subfield code="a">Aventuras de Sherlock Holmes</subfield>
    <subfield code="c"> / Conan Doyle ; pr&#xF3;logo de Mar&#xED;a Elvira Berm&#xFA;dez ; traducci&#xF3;n de Jos&#xE9; Franc&#xE9;s, Julio Palencia y Ceferino Palencia</subfield>
  </datafield>
  <datafield tag="250" ind1=" " ind2=" ">
    <subfield code="a">1a ed.</subfield>
  </datafield>
  <datafield tag="260" ind1=" " ind2=" ">
    <subfield code="a">M&#xE9;xico :</subfield>
    <subfield code="b">Porr&#xFA;a,</subfield>
    <subfield code="c">1979</subfield>
  </datafield>
  <datafield tag="300" ind1=" " ind2=" ">
    <subfield code="a">v. ;</subfield>
    <subfield code="c">22 cm.</subfield>
  </datafield>
  <datafield tag="490" ind1="0" ind2=" ">
    <subfield code="a">Sepan Cu&#xE1;ntos...;</subfield>
    <subfield code="v">341, 343</subfield>
  </datafield>
  <datafield tag="505" ind1="1" ind2=" ">
    <subfield code="t">V. 1 Un crimen extra&#xF1;o, El interesante griego, Triunfos de Sherlock Holmes, Los tres estudiantes, El mendigo de la cicatriz, K. K. K., La muerte del coronel, Un protector original, El novio de Miss Sutherland, Las aventuras de una ciclista, El misterio de Boscombe, Polic&#xED;a fina, El casado sin mujer, La diadema de Berilos, El carbunclo azul, Silver Blaze, Un empleo extra&#xF1;o, El ritual de los Musgrave, El Gloria Scott, El documento robado --</subfield>
    <subfield code="t">V. 2 El perro de Baskerville, La marca de los cuatro, El pulgar del ingeniero, La banda moteada, Nuevos triunfos de Sherlock Holmes, El enemigo de Napole&#xF3;n, El campe&#xF3;n de foot-ball, El cord&#xF3;n de la campanilla, Los Cunningham's, Las dos manchas de sangre --</subfield>
  </datafield>
  <datafield tag="600" ind1="1" ind2="4">
    <subfield code="a">Holmes, Sherlock (personaje ficticio)</subfield>
    <subfield code="v">Relatos</subfield>
  </datafield>
  <datafield tag="600" ind1="1" ind2="4">
    <subfield code="a">Doyle, Conan,</subfield>
    <subfield code="d">1859-1930,</subfield>
    <subfield code="v">Antolog&#xED;as</subfield>
  </datafield>
  <datafield tag="650" ind1=" " ind2="7">
    <subfield code="2">lemb</subfield>
    <subfield code="a">Literatura inglesa</subfield>
    <subfield code="y">Siglo XIX-XX</subfield>
  </datafield>
  <datafield tag="650" ind1=" " ind2="7">
    <subfield code="2">lemb</subfield>
    <subfield code="a">Literatura</subfield>
    <subfield code="x">Misterio</subfield>
  </datafield>
  <datafield tag="650" ind1=" " ind2="7">
    <subfield code="2">lemb</subfield>
    <subfield code="a">Cuento ingl&#xE9;s</subfield>
    <subfield code="y">Siglo XIX-XX</subfield>
  </datafield>
  <datafield tag="650" ind1=" " ind2="7">
    <subfield code="2">lemb</subfield>
    <subfield code="a">Autores ingleses</subfield>
    <subfield code="y">Siglo XIX-XX</subfield>
    <subfield code="v">Antolog&#xED;as</subfield>
  </datafield>
  <datafield tag="700" ind1="1" ind2=" ">
    <subfield code="a">Franc&#xE9;s, Jos&#xE9;,</subfield>
    <subfield code="e">traductor</subfield>
  </datafield>
  <datafield tag="700" ind1="1" ind2=" ">
    <subfield code="a">Palencia, Julio,</subfield>
    <subfield code="e">traductor</subfield>
  </datafield>
  <datafield tag="700" ind1="1" ind2=" ">
    <subfield code="a">Palencia, Ceferino,</subfield>
    <subfield code="e">autor</subfield>
  </datafield>
  <datafield tag="700" ind1="1" ind2=" ">
    <subfield code="a">Berm&#xFA;dez, Mar&#xED;a Elvira,</subfield>
    <subfield code="e">prologuista</subfield>
  </datafield>
  <datafield tag="942" ind1=" " ind2=" ">
    <subfield code="2">lcc</subfield>
    <subfield code="c">LIB</subfield>
  </datafield>
  <datafield tag="999" ind1=" " ind2=" ">
    <subfield code="c">55625</subfield>
    <subfield code="d">55625</subfield>
  </datafield>
  <datafield tag="952" ind1=" " ind2=" ">
    <subfield code="1">0</subfield>
    <subfield code="2">lcc</subfield>
    <subfield code="4">0</subfield>
    <subfield code="7">0</subfield>
    <subfield code="a">BACH-007</subfield>
    <subfield code="b">BACH-007</subfield>
    <subfield code="c">SC</subfield>
    <subfield code="d">2026-01-12</subfield>
    <subfield code="f">1a ed.</subfield>
    <subfield code="h">[V:1]</subfield>
    <subfield code="k">EH</subfield>
    <subfield code="l">0</subfield>
    <subfield code="o">PR4620.S6 F73 1979</subfield>
    <subfield code="p">PMO000006103</subfield>
    <subfield code="r">2026-01-12 12:56:34</subfield>
    <subfield code="t">1</subfield>
    <subfield code="v">1.00</subfield>
    <subfield code="y">LIB</subfield>
  </datafield>
  <datafield tag="952" ind1=" " ind2=" ">
    <subfield code="1">0</subfield>
    <subfield code="2">lcc</subfield>
    <subfield code="4">0</subfield>
    <subfield code="7">0</subfield>
    <subfield code="a">BACH-007</subfield>
    <subfield code="b">BACH-007</subfield>
    <subfield code="c">SC</subfield>
    <subfield code="d">2026-01-12</subfield>
    <subfield code="f">1a ed.</subfield>
    <subfield code="h">[V:2]</subfield>
    <subfield code="k">EH</subfield>
    <subfield code="l">0</subfield>
    <subfield code="o">PR4620.S6 F73 1979</subfield>
    <subfield code="p">PMO000006104</subfield>
    <subfield code="r">2026-01-12 12:56:00</subfield>
    <subfield code="t">1</subfield>
    <subfield code="v">1.00</subfield>
    <subfield code="y">LIB</subfield>
  </datafield>
</record>
